• AIU
  • Tony Wilmot Memorial Library

Nuclear power : (Record no. 39248)

MARC details
000 -LEADER
fixed length control field 00942nam a22002891a 4500
001 - CONTROL NUMBER
control field 4981352
005 - DATE AND TIME OF LATEST TRANSACTION
control field 20110718132934.0
008 - FIXED-LENGTH DATA ELEMENTS--GENERAL INFORMATION
fixed length control field 060525s2006 sa a b 000 0 eng d
020 ## - INTERNATIONAL STANDARD BOOK NUMBER
International Standard Book Number 0620362553
020 ## - INTERNATIONAL STANDARD BOOK NUMBER
International Standard Book Number 0620362553
035 ## - SYSTEM CONTROL NUMBER
System control number (OCoLC)69356643
035 ## - SYSTEM CONTROL NUMBER
System control number (OCoLC)ocm69356643
040 ## - CATALOGING SOURCE
Original cataloging agency ESR
Transcribing agency ESR
Modifying agency KKU
049 ## - LOCAL HOLDINGS (OCLC)
Holding library KKUA
090 ## - LOCALLY ASSIGNED LC-TYPE CALL NUMBER (OCLC); LOCAL CALL NUMBER (OCLC)
Classification number (OCLC) (R) ; Classification number, CALL (RLIN) (NR) TK9152
Local cutter number (OCLC) ; Book number/undivided call number, CALL (RLIN) .N784 2006
245 00 - TITLE STATEMENT
Title Nuclear power :
Remainder of title myth and reality : the risks and prospects of nuclear power.
Statement of responsibility, etc (Heinrich Boll Stiftung
Medium [Text]
260 ## - PUBLICATION, DISTRIBUTION, ETC. (IMPRINT)
Place of publication, distribution, etc Saxonwold, South Africa
Name of publisher, distributor, etc Heinrich Böll Foundation
Date of publication, distribution, etc c2006
300 ## - PHYSICAL DESCRIPTION
Extent 355 p. :
Other physical details ill. ;
Dimensions 21 cm.
504 ## - BIBLIOGRAPHY, ETC. NOTE
Bibliography, etc Includes bibliographical references.
650 #0 - SUBJECT ADDED ENTRY--TOPICAL TERM
Topical term or geographic name as entry element Nuclear power plants
General subdivision Evaluation.
650 #0 - SUBJECT ADDED ENTRY--TOPICAL TERM
Topical term or geographic name as entry element Nuclear energy
General subdivision Evaluation.
650 #0 - SUBJECT ADDED ENTRY--TOPICAL TERM
Topical term or geographic name as entry element Nuclear energy
General subdivision Safety measures.
650 #0 - SUBJECT ADDED ENTRY--TOPICAL TERM
Topical term or geographic name as entry element Nuclear power plants
General subdivision Safety measures.
710 2# - ADDED ENTRY--CORPORATE NAME
Corporate name or jurisdiction name as entry element Heinrich-Böll-Stiftung.
947 ## - LOCAL PROCESSING INFORMATION (OCLC)
a rep
994 ## -
-- 02
-- KKU
Holdings
Withdrawn status Lost status Source of classification or shelving scheme Damaged status Not for loan Collection code Home library Current library Shelving location Date acquired Cost, normal purchase price Total Checkouts Full call number Barcode Date last seen Copy number Price effective from Koha item type
    Library of Congress Classification     General Circulation AIU/NEGST - Tony Wilmot Memorial Library AIU/NEGST - Tony Wilmot Memorial Library General Stacks 10/27/2009 25.00   TK 9152.N784 2006 R25555J3232 09/26/2019 1 10/27/2009 Books